Class inequalities in political participation and the death of class debate /

Shranjeno v:
Bibliografske podrobnosti
Glavni avtor: Caínzos, Miguel
Drugi avtorji: Voces, Carmen
Format: Texto
Oznake: Označite
Brez oznak, prvi označite!

MARC

LEADER 00000 a a2200000 04500
001 44895
003
040
100 |a Caínzos, Miguel  
245 |a Class inequalities in political participation and the death of class debate /  |c Miguel Caínzos, Carmen Voces  
700 |a Voces, Carmen  
773 |g volumen25, número3 ( , 2010), páginas 383-418, tablas  
999 |c 31722  |d 31722